Информационные системы предприятий: учебное пособие

Detaylı Bibliyografya
Yazar: Варфоломеева А. О. Александра Олеговна
Diğer Yazarlar: Коряковский А. В. Андрей Валерьевич, Романов В. П. Виктор Петрович
Özet:В учебном пособии изложены новейшие разделы теории и практики внедрения информационных систем предприятия (ИСП), представлены современные направления развития ИСП, такие как системы с открытым кодом, облачные системы. Рассмотрены методологии, используемые при создании информационных систем, системы хранилищ данных, Text Mining и другие методы анализа финансового состояния предприятий. Предназначено для студентов, аспирантов, преподавателей экономических вузов, для обучающихся в магистратуре или получающих второе высшее образование, IT-директоров предприятий, а также для финансовых аналитиков, менеджеров и топ-менеджеров, желающих включить в свой арсенал наиболее передовые и эффективные технологии при проектировании информационной модели предприятия и для управления информационными ресурсами.
Dil:Rusça
Baskı/Yayın Bilgisi: Москва, Инфра-М, 2013
Seri Bilgileri:Высшее образование. Бакалавриат
Konular:
Materyal Türü: Kitap
KOHA link:https://koha.lib.tpu.ru/cgi-bin/koha/opac-detail.pl?biblionumber=236948

MARC

LEADER 00000nam0a2200000 4500
001 236948
005 20231031204749.0
010 |a 9785160055497 
035 |a (RuTPU)RU\TPU\book\258117 
090 |a 236948 
100 |a 20130507d2013 m y0rusy50 ca 
101 0 |a rus 
102 |a RU 
105 |a a j 001zy 
200 1 |a Информационные системы предприятий  |e учебное пособие  |f А. О. Варфоломеева, А. В. Коряковский, В. П. Романов 
210 |a Москва  |c Инфра-М  |d 2013 
215 |a 282 с.  |c ил. 
225 1 |a Высшее образование. Бакалавриат 
320 |a Библиогр.: с. 275-278. 
330 |a В учебном пособии изложены новейшие разделы теории и практики внедрения информационных систем предприятия (ИСП), представлены современные направления развития ИСП, такие как системы с открытым кодом, облачные системы. Рассмотрены методологии, используемые при создании информационных систем, системы хранилищ данных, Text Mining и другие методы анализа финансового состояния предприятий. Предназначено для студентов, аспирантов, преподавателей экономических вузов, для обучающихся в магистратуре или получающих второе высшее образование, IT-директоров предприятий, а также для финансовых аналитиков, менеджеров и топ-менеджеров, желающих включить в свой арсенал наиболее передовые и эффективные технологии при проектировании информационной модели предприятия и для управления информационными ресурсами. 
606 1 |a Предприятия  |x Экономика  |x Управления  |x Информационные системы  |2 stltpush  |3 (RuTPU)RU\TPU\subj\71174 
610 1 |a информационные системы 
610 1 |a информационные службы 
610 1 |a информационные сервисы 
610 1 |a Oracle 
610 1 |a AIM 
610 1 |a компании 
610 1 |a сбалансированные показатели 
610 1 |a управление 
610 1 |a бизнес-процессы 
610 1 |a проектирование 
610 1 |a ARIS 
610 1 |a интеллектуальный анализ 
610 1 |a бизнес-аналитика 
610 1 |a программные средства 
610 1 |a Open Source-системы 
610 1 |a стратегический менеджмент 
610 1 |a облачные вычисления 
610 1 |a виртуальная реальность 
610 1 |a учебные пособия 
686 |a У9(2)29-2я73  |v LBC/SL-A  |2 rubbk 
700 1 |a Варфоломеева  |b А. О.  |g Александра Олеговна 
701 1 |a Коряковский  |b А. В.  |g Андрей Валерьевич 
701 1 |a Романов  |b В. П.  |g Виктор Петрович 
801 1 |a RU  |b 63413507  |c 20130507 
801 2 |a RU  |b 63413507  |c 20150527  |g RCR 
900 |a Информационные системы 
942 |c BK 
951 |b 230700 
955 |l 8 
959 |a 77/20130416  |d 2  |e 499,90  |f ЧЗТЛ:1  |f АНЛ:1